00619nam a2200205Ia 450000500170000000800410001702000240005804000190008204100120010108200200011310000150013324500460014826000280019430000140022250400500023663000450028665000260033165100460035785000100040320221229100931.0131103s9999 xx 000 0 und d a749396520c3.75 pds aLoreto College aEnglish a813.52bSTE-PAR aParini,Jay aJohn Steinbeckb A Biography cJay Parini aLondonbMinervacc 1994 ax,614 p.  aIncludes bibliographical references and index aAmerican Fiction - History and Criticism aSteinbeck,John Ernest a1902 - 1968, Criticism and Interpretation aLCLIB